Statistics for provinces of Canada by population

Click here to take the quiz!

General Stats

  • This quiz has been taken 26 times
  • The average score is 12 of 13

Answer Stats

Provence or territoryAnswerPercentage% Correct
ProvenceOntario38.3%
100%
ProvenceQuebec23.2%
100%
ProvenceAlberta11.6%
95%
ProvenceBritish Columbia13.2%
95%
ProvenceManitoba3.6%
91%
ProvenceNew Brunswick2.1%
91%
ProvenceNova Scotia2.6%
91%
Territory Nunavut0.10%
91%
Provence Prince Edward Island0.41%
91%
ProvenceSaskatchewan3.1%
91%
ProvenceNewfoundland and Labrador1.5%
86%
Territory Northwest Territories0.12%
86%
TerritoryYukon0.10%
86%

Score Distribution

Percentile by Number Answered

Percent of People with Each Score

Your Score History

You have not taken this quiz